000 00373pab a2200157 454500
008 180718b2003 xxu||||| |||| 00| 0 eng d
100 _aSinha, Mridula
245 _aCondensed courses of education for women
260 _c2003
300 _ap.36-37.
362 _aNov
650 _aEducation
650 _aWomens education
773 _aSocial Welfare
909 _a58730
999 _c58730
_d58730